| 000 | 01533nam a22002177a 4500 | ||
|---|---|---|---|
| 999 |
_c59450 _d59450 |
||
| 003 | Ge_BSU | ||
| 005 | 20230220112607.0 | ||
| 008 | 230220s2022 ge ||||| |||| 00| 0 geo d | ||
| 041 | _ageo | ||
| 080 | _a82 კ-38 | ||
| 100 |
_aკეკელიძე, თეონა _916970 |
||
| 245 |
_a''ამირანიანის'' ლექსითი, პროზაული და შერეული ვარიანტების ურთიერთმიმართება და მათი ტრანსმისია : _bდისერტაცია / _cთეონა კეკელიძე; სამეცნიერო ხელმძვანელი თინა შიოშვილი; ბსუ. ჰუმანიტარულ მეცნიერებათა ფაკულტეტი. ქართული ფილოლოგიის დეპარტამენტი. |
||
| 264 |
_aბათუმი, _c2022. |
||
| 300 |
_a175 გვ. ; _b30 სმ. |
||
| 504 | _aბიბლიოგრ. გვ.172-175 | ||
| 653 | _aფილოლოგია | ||
| 653 | _aდისერტაცია | ||
| 700 |
_aშიოშვილი, თინა _eსამეცნიერო ხელმძღვანელი _916971 |
||
| 710 |
_aბსუ. _bჰუმანიტარულ მეცნიერებათა ფაკულტეტი. _eქართული ფილოლოგიის დეპარტამენტი. _916972 |
||
| 942 |
_2udc _cDS |
||